000 003070000a22001210004500
020 _a958-677-165-2
100 1 _aRodriguez, Elsa
245 1 0 _aPimpones de Color : Disfraces, máscaras y Maquillaje / Elsa Rodriguez
260 _aBogotá : Zamora
300 _a77 P.
440 0 _aCol. Mi Jardin
001 907
999 _c48096
_d48096